000 00694cab a2200229 4500
001 ABS59232
008 090401t1998 xxu||||| |||| 00| 0 eng d
035 _a(Sirsi) u87994
041 _aeng
100 _aJones, B.
245 _aHeading for REVAL 2000
260 _c1998
350 _a0
490 _aIRRV Insight
_vAugust 1998, 9(1)
520 _aDiscusses the restructure of the Valuation Office Agency and the installation of new computer network and software systems to support the REVAL 2000.
650 _aCOMPUTER NETWORKS
650 _aRATING REVALUATION 2000
650 _aVALUATION OFFICE AGENCY
690 _aRATING AND VALUATION
942 _n0
948 _c14/08/1998
999 _c55552
_d55552